000 00748cab a2200241 4500
001 WB3416-05
008 090401t1998 xxu||||| |||| 00| 0 eng d
035 _a(Sirsi) u85926
041 _aeng
245 2 _aA house that runs itself
260 _c1998
350 _a0
490 _aTimes
_v29 April 1998, 35(1)
520 _aA new breed of energy efficient homes are being developed in two pilot projects. Integer houses combine electrical remote control facilities with recycling systems.
650 _aENERGY EFFICIENCY
650 _aENERGY EFFICIENT HOUSING
650 _aINTEGER HOMES
650 _aINTEGER PROJECT
650 _aRECYCLING
690 _aBUILT ENVIRONMENT-CONSTRUCTION DESIGN
942 _n0
948 _c30/04/1998
999 _c54056
_d54056